| LEADER |
00844nam0a2200217 450 |
| 001 |
16806050 |
| 010 |
|
|
|a 978-2-7540-0616-3
|b Br.
|d 22,9
|
| 100 |
|
|
|a 20080904d2008 u u0frey01 ba
|
| 101 |
0 |
|
|a fre
|
| 102 |
|
|
|a FR
|
| 200 |
0 |
|
|a Première Guerre mondiale pour les nuls (La)
|f Jean-Yves Le Naour
|
| 207 |
|
1 |
|a
|
| 210 |
|
|
|a Paris
|c First Editions
|d 2008
|
| 215 |
|
|
|a XIX-323 p.
|c ill.
|d 23 x 19 cm
|
| 225 |
1 |
|
|a Pour les nuls
|
| 300 |
|
|
|a Bibliogr. Index,Bibliogr. Index
|
| 330 |
|
|
|a Une vision synthétique de la Première Guerre mondiale qui fait le point des recherches universitaires et aide à comprendre le XXe siècle.
|
| 700 |
|
0 |
|a Le Naour
|b Jean-Yves
|f 1972-....
|4 70
|
| 900 |
|
|
|a Documentaire
|
| 901 |
|
|
|a Accessible au prêt
|
| 995 |
|
|
|a Bibliothèque
|c Bibliothèque
|f 00156007509136
|h 00156007509136
|k 940.3 LEN
|o p
|q a
|r az
|e Bibliothèque
|